000 00346nam a2200157Ia 4500
003 OSt
005 20240415143501.0
008 170524s9999 xx 000 0 und d
020 _aNIL
040 _cIIMTU MEERUT
100 _aS K PAUL
100 _c1995
245 0 _aPRINCIPLES OF ACCOUNTANCY
260 _aNEW CENTRAL BOOK
942 _2ddc
_c02
999 _c2081
_d2081